000 00794nas a2200253 4500
001 BR9502835
003 BR-BrBNA
005 20231205094025.0
007 ta
008 230509b bl.|||p| |||| 00| 00por d
040 _aBR-BrBNA
_bpor
_cBiblioteca Nacional de Agricultura
041 _a(Pt)
072 _aF01
100 1 _aCorrea, F.L.
100 1 _aMaraschin, G.E.
245 1 _aCrescimento e desaparecimento de uma pastagem nativa sob diferentes niveis de oferta de forragem
650 _aPastagem Natural
650 _aCrescimento
650 _aForragem
650 _aTaxa de Crescimento
773 0 _tPesquisa Agropecuaria Brasileira (Brazil)
_xISSN 0100-204X
_g(Oct 1994), v. 29(10) p. 1617-1623
_wBR9502835
909 _a202311
_bLúcia
_c55
_dLúcia Elande
942 _2AGRIS
_n0
_cANA
999 _c141646
_d141646